| 000 | 00000nam##2200000za#4500 |
| 001 | 9.640294 |
| 003 | CaOODSP |
| 005 | 20210624222612 |
| 007 | cr ||||||||||| |
| 008 | 150407|2001||||xxc|||||o f|0| 0 fre|d |
| 040 | |aCaOODSP|bfre |
| 043 | |an-cn--- |
| 086 | 1 |aEn40-619/2001F-PDF |
| 110 | 1 |aCanada.|bEnvironnement Canada. |bProgramme des urgences environementales. |
| 245 | 10|aLignes directrices pour la mise en application de la Loi canadienne sur la protection de l'environnement, 1999 : |h[ressource électronique]|barticle 199, Avis obligeant des plans d'urgence environnementale |
| 246 | 17|aLignes directrices - Avis obligeant des plans d'urgence environnementale |
| 260 | |aOttawa - Ontario : |bEnvironnement Canada. |cFévrier 2001. |
| 300 | |a44p.|bréférences |
| 500 | |aLe n° de catalogue (En40-619/2001F) et l'ISBN (0-662-85517-5) de l'édition imprimée ont été incorrectement copiés dans l'édition électronique. |
| 520 | 3 |aCes lignes directrices, publiées en février 2001, exposent en détail l'article 199 de la Loi canadienne sur la protection de l'environnement, y compris les exigences en matière de plans d'urgence environnementale, les prorogations de délai pour la présentation de ces plans et leur mode de présentation. |
| 590 | |a12-21-Supp|b2012-05-18 |
| 691 | 07|aDroit de l'environnement|2gcpds |
| 691 | 07|aLutte contre la pollution|2gcpds |
| 691 | 07|aProtection de l'environnement|2gcpds |
| 691 | 07|aProtection civile|2gcpds |
| 775 | 08|tImplementation guidelines for Canadian environmental protection act, 1999 : |w(CaOODSP)9.696175 |
| 776 | 0#|tLignes directrices pour la mise en application de la Loi canadienne sur la protection de l'environnement, 1999: article 199, Avis obligeant des plans d'urgence environnementale / |w(CaOODSP)9.681405 |
| 856 | 40|ahttp://publications.gc.ca|qPDF|s269 Ko|uhttps://publications.gc.ca/collections/Collection/En40-619-2001F.pdf |